<?xml version="1.0" encoding="UTF-8"?>
<record
    xmlns:xsi="http://www.w3.org/2001/XMLSchema-instance"
    xsi:schemaLocation="http://www.loc.gov/MARC21/slim http://www.loc.gov/standards/marcxml/schema/MARC21slim.xsd"
    xmlns="http://www.loc.gov/MARC21/slim">

  <leader>00518nam a22001937a 4500</leader>
  <controlfield tag="003">NUST - PNEC</controlfield>
  <controlfield tag="005">20170116180803.0</controlfield>
  <controlfield tag="008">150417b        xxu||||| |||| 00| 0 eng d</controlfield>
  <datafield tag="020" ind1=" " ind2=" ">
    <subfield code="a">0792456572</subfield>
  </datafield>
  <datafield tag="040" ind1=" " ind2=" ">
    <subfield code="c">LIBRARY</subfield>
  </datafield>
  <datafield tag="082" ind1=" " ind2=" ">
    <subfield code="a">956.04 WES</subfield>
  </datafield>
  <datafield tag="100" ind1=" " ind2=" ">
    <subfield code="9">2687</subfield>
    <subfield code="a">Westwood,  J.N.</subfield>
  </datafield>
  <datafield tag="245" ind1=" " ind2=" ">
    <subfield code="a">The history of the Middle East wars</subfield>
    <subfield code="c">J.N. Westwood</subfield>
  </datafield>
  <datafield tag="250" ind1=" " ind2=" ">
    <subfield code="a">-</subfield>
  </datafield>
  <datafield tag="260" ind1=" " ind2=" ">
    <subfield code="a">Hong Kong</subfield>
    <subfield code="b">Mallard Press</subfield>
    <subfield code="c">c1984.</subfield>
  </datafield>
  <datafield tag="300" ind1=" " ind2=" ">
    <subfield code="a">206 p. :</subfield>
    <subfield code="c">30 cm.</subfield>
  </datafield>
  <datafield tag="650" ind1=" " ind2=" ">
    <subfield code="9">2690</subfield>
    <subfield code="a">Middle East</subfield>
    <subfield code="x">History, General</subfield>
  </datafield>
  <datafield tag="942" ind1=" " ind2=" ">
    <subfield code="2">ddc</subfield>
    <subfield code="c">BK</subfield>
  </datafield>
  <datafield tag="999" ind1=" " ind2=" ">
    <subfield code="c">63039</subfield>
    <subfield code="d">63039</subfield>
  </datafield>
  <datafield tag="952" ind1=" " ind2=" ">
    <subfield code="0">0</subfield>
    <subfield code="1">0</subfield>
    <subfield code="2">ddc</subfield>
    <subfield code="4">0</subfield>
    <subfield code="7">0</subfield>
    <subfield code="a">PNEC</subfield>
    <subfield code="b">PNEC</subfield>
    <subfield code="c">WING-B</subfield>
    <subfield code="d">1996-02-08</subfield>
    <subfield code="e">Kashif Book Store</subfield>
    <subfield code="g">625.46</subfield>
    <subfield code="l">0</subfield>
    <subfield code="o">956.04 WES</subfield>
    <subfield code="p">PNECLIB-018376</subfield>
    <subfield code="r">2015-04-17</subfield>
    <subfield code="v">625.46</subfield>
    <subfield code="w">1996-02-08</subfield>
    <subfield code="y">BK</subfield>
  </datafield>
</record>
